书目信息 |
| 题名: |
Linux命令、编辑器与Shell编程
|
|
| 作者: | 索贝尔 著 ;杨明军 , 王凤芹 译 | |
| 分册: | ||
| 出版信息: | 北京 清华大学出版社 2007 |
|
| 页数: | 20,792页 | |
| 开本: | 26cm | |
| 丛书名: | ||
| 单 册: | ||
| 中图分类: | TP316.81 | |
| 科图分类: | ||
| 主题词: | UNIX操作系统 , 程序设计 , UNIX操作系统--程序设计 | |
| 电子资源: | ||
| ISBN: | 978-7-302-13944-7 | |
| 000 | 01173nam0 2200301 450 | |
| 001 | 003413910 | |
| 005 | 20070806181556.09 | |
| 010 | @a978-7-302-13944-7@dCNY98.00@z7-302-13944-X | |
| 100 | @a20070327d2007 em y0chiy0110 ea | |
| 101 | 1 | @achi@ceng |
| 102 | @aCN@b110000 | |
| 105 | @ay z 000yy | |
| 200 | 1 | @aLinux命令、编辑器与Shell编程@9Linux ming ling、 bian ji qi yuS hell bian cheng@f(美)Mark G. Sobell著@g杨明军, 王凤芹译 |
| 210 | @a北京@c清华大学出版社@d2007 | |
| 215 | @a20,792页@d26cm | |
| 312 | @a封面英文题名:A practical guide to Linux commands, editors, and shell programming | |
| 330 | @a本书阐述了如何通过命令行方式使用Linux操作系统,内容包括:Linux操作系统、编辑器、Shell、编程工具、命令参考、附录六部分。 | |
| 510 | 1 | @aPractical guide to Linux commands, editors, and shell programming@zeng |
| 606 | 0 | @aUNIX操作系统 |
| 606 | 0 | @a程序设计 |
| 606 | 0 | @aUNIX操作系统@x程序设计 |
| 610 | 0 | @aLinux |
| 690 | @aTP316.81@v4 | |
| 701 | 0 | @c(美)@a索贝尔@9suo bei er@c(Sobell, Mark G.)@4著 |
| 702 | 0 | @a杨明军@9yang ming jun@4译 |
| 702 | 0 | @a王凤芹@9wang feng qin@c(数学)@4译 |
| 801 | 0 | @aCN@bNLC@c20070806 |
| 905 | @a10447@dTP316.81@e129 | |
| Linux命令、编辑器与Shell编程/(美)Mark G. Sobell著/杨明军, 王凤芹译.-北京:清华大学出版社,2007 |
| 20,792页;26cm |
| ISBN 978-7-302-13944-7:CNY98.00 |
| 本书阐述了如何通过命令行方式使用Linux操作系统,内容包括:Linux操作系统、编辑器、Shell、编程工具、命令参考、附录六部分。 |
| ● |
| 相关链接 |
|
|
|
|
正题名:Linux命令、编辑器与Shell编程
索取号:TP316.81/129
 
预约/预借
| 序号 | 登录号 | 条形码 | 馆藏地/架位号 | 状态 | 备注 |
| 1 | 0805167 | 208051677 | 第二样本阅览室/ [索取号:TP316.81/129] | 在馆 | |
| 2 | 0805168 | 208051686 | 第三借阅区/ [索取号:TP316.81/129] | 在馆 | |
| 3 | 0805169 | 208051695 | 第三借阅区/ [索取号:TP316.81/129] | 在馆 | |
| 4 | 0805170 | 208051702 | 第三借阅区/ [索取号:TP316.81/129] | 在馆 | |
| 5 | 0805171 | 208051711 | 第三借阅区/ [索取号:TP316.81/129] | 在馆 |